[Event "Classics II GM"]
[Site "Gausdal NOR"]
[Date "2003.10.26"]
[Round "8"]
[White "Berg,E"]
[Black "Quinn,M"]
[Result "1-0"]
[WhiteElo "2489"]
[BlackElo "2411"]

1.e4 c5 2.Nf3 d6 3.d4 cxd4 4.Nxd4 Nf6 5.Nc3 a6 6.Be3 e5 7.Nb3 Be6 8.f3 Be7
9.Qd2 O-O 10.O-O-O Qc7 11.g4 Rc8 12.Kb1 Nbd7 13.h4 b5 14.h5 h6 15.Bd3 Nh7
16.Nd5 Bxd5 17.exd5 Ng5 18.Qe2 Nf6 19.Bf5 Rcb8 20.Rd3 a5 21.Nd2 Qb7 22.Rd1 a4
23.c3 Re8 24.Nf1 Bd8 25.Ng3 Ba5 26.a3 Qc7 27.Bxg5 hxg5 28.Qd2 Qc4 29.Qxg5 Qf4
30.Qxf4 exf4 31.Ne4 Nxe4 32.fxe4 Bb6 33.Rf3 Be3 34.g5 Re5 35.Rh1 g6 36.hxg6 fxg6
37.Rfh3 gxf5 38.exf5 Rxf5 39.Rh8+ Kg7 40.Rxa8 Rxd5 41.Rhh8 Rxg5 42.Rag8+ Kf6
43.Rxg5 Kxg5 44.Kc2 f3 45.Kd3 Bc5 46.Rb8 Kf4 47.Rxb5 Kg3 48.Rb7 Kg2 49.Rg7+ Kf1
50.Rg4 f2 51.Rxa4 Kg2 52.Rf4 f1=Q+ 53.Rxf1 Kxf1 54.b4 Bb6 55.a4 Kf2 56.a5 Bd8
57.Kc4 Ke2 58.Kb5 Bg5 59.Kc6 Kd3 60.a6 Be3 61.b5 Kxc3 62.b6 d5 63.a7  1-0

[Event "WYb18"]
[Site "Halkidiki GRE"]
[Date "2003.10.26"]
[Round "4"]
[White "Kurnosov,I"]
[Black "Aveskulov,V"]
[Result "1/2-1/2"]
[WhiteElo "2527"]
[BlackElo "2428"]

1.e4 c5 2.Nf3 d6 3.d4 cxd4 4.Nxd4 Nf6 5.Nc3 a6 6.Be3 e5 7.Nb3 Be6 8.Qd2 Nbd7
9.f4 exf4 10.Bxf4 Qc7 11.O-O-O Ne5 12.Nd4 O-O-O 13.Nxe6 fxe6 14.g3 Re8 15.Bh3 Kb8
16.Rhf1 h6 17.Qd4 Nfd7 18.Ne2 Nc5 19.Bd2 g5 20.Bc3 Rh7 21.Qe3 Nc4  1/2-1/2

[Event "WYg16"]
[Site "Halkidiki GRE"]
[Date "2003.10.26"]
[Round "4"]
[White "Melia,S"]
[Black "Batsiashvili,N"]
[Result "1-0"]
[WhiteElo "2251"]
[BlackElo "2248"]

1.e4 c5 2.Nf3 d6 3.d4 cxd4 4.Nxd4 Nf6 5.Nc3 a6 6.Be3 e5 7.Nb3 Be6 8.f3 Nbd7
9.Qd2 b5 10.a4 b4 11.Nd5 Bxd5 12.exd5 Nb6 13.Bxb6 Qxb6 14.a5 Qb7 15.Bc4 Be7
16.Ra4 Rb8 17.Nc1 e4 18.fxe4 Nxe4 19.Qd4 Bh4+ 20.g3 Nc5 21.gxh4 Nxa4 22.Qxg7 Qe7+
23.Kd1 Kd7 24.Re1 Qf8 25.Qd4 Nc5 26.Nd3 Rg8 27.Kc1 h5 28.Kb1 Rg4 29.Nxc5+ dxc5
30.Qf6 Rxc4 31.Qc6+ Kd8 32.d6 Rc8 33.Qb6+ Kd7 34.Re7+ Qxe7 35.dxe7 Re8 36.Qb7+ Ke6
37.Qxa6+ Kd5 38.Qf6  1-0

[Event "WYb14"]
[Site "Halkidiki GRE"]
[Date "2003.10.26"]
[Round "4"]
[White "Bindrich,F"]
[Black "Margvelashvili,G"]
[Result "1/2-1/2"]
[WhiteElo "2309"]
[BlackElo "2193"]

1.e4 c5 2.Nf3 d6 3.d4 cxd4 4.Nxd4 Nf6 5.Nc3 a6 6.Be3 Ng4 7.Bg5 h6 8.Bh4 g5
9.Be2 Bg7 10.Bg3 h5 11.Bxg4 hxg4 12.Qd2 Nc6 13.Nce2 Nxd4 14.Nxd4 Bxd4 15.Qxd4 f6
16.O-O Be6 17.c4 Rc8 18.b3 Qa5  1/2-1/2

[Event "300 Years"]
[Site "St Petersburg RUS"]
[Date "2003.10.26"]
[Round "9"]
[White "Kim,Alex"]
[Black "Kovchan,A"]
[Result "1-0"]
[WhiteElo "2439"]
[BlackElo "2561"]

1.e4 c5 2.Nf3 d6 3.d4 cxd4 4.Nxd4 Nf6 5.Nc3 a6 6.Be3 e5 7.Nb3 Be6 8.Qd2 Nbd7
9.f3 Be7 10.O-O-O b5 11.g4 Nb6 12.g5 Nfd7 13.Nd5 Bxd5 14.exd5 Nc4 15.Bxc4 bxc4
16.Na5 c3 17.Qxc3 Bxg5 18.f4 exf4 19.Nc6 Qc7 20.Qxg7 Bf6 21.Bb6 Bxg7 22.Bxc7 Be5
23.Rhe1 O-O 24.Nxe5 dxe5 25.Bxe5 Nxe5 26.Rxe5 Rfd8 27.Rf5 Rac8 28.Rxf4 Rc5
29.c4 a5 30.b3  1-0

[Event "300 Years"]
[Site "St Petersburg RUS"]
[Date "2003.10.26"]
[Round "9"]
[White "Anisimov,P"]
[Black "Grabinsky,V"]
[Result "1-0"]
[WhiteElo "2445"]
[BlackElo "2361"]

1.e4 c5 2.Nf3 d6 3.d4 cxd4 4.Nxd4 Nf6 5.Nc3 a6 6.Be3 Nc6 7.Be2 e6 8.a4 Be7
9.O-O O-O 10.f4 Qc7 11.Kh1 Re8 12.Bf3 Bf8 13.g4 Nxd4 14.Bxd4 e5 15.Be3 exf4
16.Bxf4 Be6 17.g5 Nd7 18.Bg2 Ne5 19.Nd5 Bxd5 20.Qxd5 Qc6 21.Qxc6 bxc6 22.a5 Rab8
23.b3 Ng6 24.Bg3 Be7 25.Rad1 Ne5 26.h4 Rb5 27.Be1 Ng4 28.Rf3 h5 29.Bf1 Re5
30.Bc4 d5 31.exd5 Ne3 32.Bg3 Re4 33.Re1 Bb4 34.Rexe3 Rxe3 35.Rxe3 Rxe3 36.dxc6 Bxa5
37.c7 Bxc7 38.Bxc7 Rc3 39.g6 Rxc4 40.bxc4 fxg6 41.c5 Kf7 42.c6  1-0

[Event "Classics II GM"]
[Site "Gausdal NOR"]
[Date "2003.10.27"]
[Round "9"]
[White "Kulaots,K"]
[Black "Hutters,T"]
[Result "1-0"]
[WhiteElo "2530"]
[BlackElo "2418"]

1.e4 c5 2.Nf3 d6 3.d4 cxd4 4.Nxd4 Nf6 5.Nc3 a6 6.Be3 Ng4 7.Bg5 h6 8.Bh4 g5
9.Bg3 Bg7 10.Be2 h5 11.Bxg4 Bxg4 12.f3 Bd7 13.Bf2 Nc6 14.O-O e6 15.Nde2 Ne5
16.a4 Qa5 17.Bd4 Rc8 18.Kh1 h4 19.h3 Rg8 20.b3 Rc6 21.Nb1 Ng6 22.Na3 e5 23.Be3 Nf4
24.Nc4 Qc7 25.Nc3 Rxc4 26.bxc4 Qxc4 27.Qxd6 Qxc3 28.Bc5 Bf6 29.Rad1  1-0

[Event "WYb18"]
[Site "Halkidiki GRE"]
[Date "2003.10.27"]
[Round "5"]
[White "Zaragatski,I"]
[Black "Popovics,A"]
[Result "0-1"]
[WhiteElo "2337"]
[BlackElo "2431"]

1.e4 c5 2.Nc3 d6 3.Nge2 Nf6 4.d4 cxd4 5.Nxd4 a6 6.Be3 e5 7.Nb3 Be6 8.f3 Nbd7
9.g4 b5 10.g5 b4 11.Ne2 Nh5 12.Ng3 Nf4 13.h4 Be7 14.Bxf4 exf4 15.Nh5 Bxb3
16.axb3 g6 17.Nxf4 h6 18.Nd5 hxg5 19.Qd4 Bf6 20.Nxf6+ Qxf6 21.O-O-O Qxd4
22.Rxd4 a5 23.Rxd6 Ke7 24.Rd2 Rh7 25.Bg2 Rxh4 26.Rxh4 gxh4 27.f4 Nc5 28.Kd1 Rh8
29.Ke2 h3 30.Bh1 Rh4 31.Ke3 h2 32.Rd5 Rh3+ 33.Kf2 Ne6 34.f5 Nf4 35.Rxa5 g5
36.Ra8 f6 37.Ra7+ Kf8 38.Ra8+ Kg7 39.Ra7+ Kh6 40.Ra8 Kh5 41.Rf8 Kg4 42.e5 fxe5
43.f6 e4 44.Re8 Rh7 45.Re7 Rh6 46.Rxe4 Rxf6 47.Rxb4 Kh3 48.Rb8 Ng2+ 49.Ke2 g4
50.Rh8+ Nh4 51.Bb7 Rf3  0-1

[Event "LXVIII ch-ESP Abierto"]
[Site "Burgos ESP"]
[Date "2003.10.28"]
[Round "5"]
[White "Llaneza Vega,M"]
[Black "Lopez Gracia,F"]
[Result "1-0"]
[WhiteElo "2264"]
[BlackElo "2360"]

1.e4 c5 2.Nf3 d6 3.d4 Nf6 4.Nc3 cxd4 5.Nxd4 a6 6.Be3 e5 7.Nb3 Be6 8.Qd2 Be7
9.f3 O-O 10.O-O-O Nbd7 11.g4 b5 12.Kb1 b4 13.Ne2 a5 14.g5 Ne8 15.Ng3 a4 16.Nc1 a3
17.b3 Nc7 18.f4 exf4 19.Bxf4 d5 20.Bxc7 Qxc7 21.exd5 Bg4 22.Be2 Rfc8 23.Ne4 Bxe2
24.Nxe2 Nc5 25.N2g3 Nxe4 26.Nxe4 Bd6 27.Nxd6 Qxd6 28.Qd4 Rc3 29.Rd2 Rac8
30.h4 Re8 31.h5 Rce3 32.h6 Qg6 33.d6 Qxg5 34.d7 Rd8 35.Qxb4 Re6 36.hxg7 Qxg7
37.Qxa3 Qf8 38.Qa5 Qe7 39.Qh5 h6 40.Rhd1 Rg6 41.Re2 Re6 42.Qxh6  1-0

[Event "CCAS Open"]
[Site "Cap d'Agde FRA"]
[Date "2003.10.28"]
[Round "7"]
[White "Apicella,M"]
[Black "Chomet,P"]
[Result "1-0"]
[WhiteElo "2542"]
[BlackElo "2356"]

1.e4 c5 2.Nf3 d6 3.d4 Nf6 4.Nc3 cxd4 5.Nxd4 a6 6.Be3 e6 7.f3 b5 8.Qd2 Nbd7
9.O-O-O Bb7 10.g4 h6 11.Bd3 b4 12.Nce2 d5 13.exd5 Nxd5 14.Nf4 Qa5 15.Kb1 Nxe3
16.Qxe3 Qe5 17.Rhe1 Qxe3 18.Rxe3 O-O-O 19.Be4 Bc5 20.Bxb7+ Kxb7 21.Red3 Ne5
22.Ndxe6 Nxd3 23.Nxd8+ Rxd8 24.Nxd3 Kb6 25.Re1 Bd6 26.h3 a5 27.Re4 h5 28.Rd4 hxg4
29.hxg4 Kc7 30.Rc4+ Kb6 31.Kc1 Rh8 32.Kd2 Rh1 33.Rc8 Ra1 34.c4 bxc3+ 35.Kxc3 Rf1
36.Rd8 Bc7 37.Rd5 Rxf3  1-0

[Event "18th Open"]
[Site "Le Touquet FRA"]
[Date "2003.10.28"]
[Round "3"]
[White "Goloshchapov,A"]
[Black "Gurevich,Vl"]
[Result "0-1"]
[WhiteElo "2574"]
[BlackElo "2425"]

1.e4 c5 2.Nf3 d6 3.d4 cxd4 4.Nxd4 Nf6 5.Nc3 a6 6.Be3 e5 7.Nb3 Be6 8.f3 h5
9.Qd2 Nbd7 10.O-O-O Rc8 11.Kb1 Be7 12.h3 h4 13.Bd3 Qc7 14.f4 b5 15.Rhe1 Bc4
16.a3 Qb7 17.Na5 Qc7 18.Nxc4 bxc4 19.Bf1 O-O 20.Ka2 Rb8 21.Bf2 Rb7 22.Rb1 Rfb8
23.Red1 exf4 24.Qxf4 Ne5 25.Qxh4 Qa5 26.Qg3 d5 27.Nxd5 Nxd5 28.Rxd5 Qa4 29.Qc3 Nc6
30.Ka1 Bxa3 31.b3 Bb4+  0-1

[Event "3rd Rohde Open"]
[Site "Sautron FRA"]
[Date "2003.10.28"]
[Round "4"]
[White "Fedorchuk,S"]
[Black "Makarov,M"]
[Result "1/2-1/2"]
[WhiteElo "2561"]
[BlackElo "2517"]

1.e4 c5 2.Nf3 d6 3.d4 Nf6 4.Nc3 cxd4 5.Nxd4 a6 6.Be3 e5 7.Nb3 Be6 8.f3 Be7
9.Qd2 O-O 10.O-O-O Qc7 11.g4 Rc8 12.g5 Nh5 13.Kb1 Nd7 14.Qf2 Qd8 15.h4 Rxc3
16.bxc3 Qc7 17.Bh3 Bxh3 18.Rxh3 a5  1/2-1/2

[Event "LXVIII ch-ESP Abierto"]
[Site "Burgos ESP"]
[Date "2003.10.29"]
[Round "6"]
[White "Aguera Naredo,J"]
[Black "Pascual Paredes,J"]
[Result "1-0"]
[WhiteElo "2376"]
[BlackElo "2252"]

1.e4 c5 2.Nf3 d6 3.d4 cxd4 4.Nxd4 Nf6 5.Nc3 a6 6.Be3 e5 7.Nb3 Be6 8.Be2 Be7
9.O-O O-O 10.Qd2 Nbd7 11.Rfd1 Qc7 12.Rac1 Nb6 13.Qe1 Rfd8 14.a4 Rac8 15.Bxb6 Qxb6
16.Nd5 Bxd5 17.exd5 Nd7 18.a5 Qa7 19.c4 g6 20.Na1 Re8 21.b4 f5 22.Nb3 Bf6
23.Qd2 e4 24.Nd4 e3 25.fxe3 Bg5 26.Rc3 Nf6 27.Bf3 Ne4 28.Bxe4 Rxe4 29.c5 f4
30.Qc2 Rxe3 31.Rxe3 fxe3 32.Qe4 Qb8 33.Ne6 Re8 34.Qg4 Bh6 35.Qh3 Bg7 36.Qxe3 Qc8
37.cxd6 Qd7 38.Qf4 Bf8 39.Nc5 Qxd6 40.Qxd6 Bxd6 41.Nxb7  1-0

[Event "CCAS Open"]
[Site "Cap d'Agde FRA"]
[Date "2003.10.29"]
[Round "8"]
[White "Chomet,P"]
[Black "Touzane,O"]
[Result "0-1"]
[WhiteElo "2356"]
[BlackElo "2329"]

1.e4 c5 2.Nf3 d6 3.d4 cxd4 4.Nxd4 Nf6 5.Nc3 a6 6.Be3 Ng4 7.Bc1 Nf6 8.Be3 e6
9.f3 b5 10.Qd2 Bb7 11.g4 Nfd7 12.O-O-O Nb6 13.g5 N8d7 14.h4 b4 15.Nb1 d5
16.Qg2 e5 17.Nb3 d4 18.Bg1 a5 19.f4 a4 20.N3d2 Rc8 21.b3 Nc5 22.Kb2 axb3
23.axb3 Qc7 24.Rc1 Bd6 25.f5 O-O 26.Rh3 Ra8 27.Re1 Rfc8 28.Nc4 Nca4+ 29.Kc1 Nxc4
30.Bxc4 Nb6 31.Bd3 Ra2 32.f6 Na4 33.Bc4 Bf8 34.g6 Ba6 35.gxf7+ Kh8 36.fxg7+ Bxg7
37.Rg3 Bxc4 38.Rxg7 Bxf7 39.Re2 d3 40.Bb6 dxe2  0-1

[Event "WYb18"]
[Site "Halkidiki GRE"]
[Date "2003.10.29"]
[Round "7"]
[White "Ibarra Jerez,JC"]
[Black "Zhigalko,A"]
[Result "0-1"]
[WhiteElo "2413"]
[BlackElo "2478"]

1.e4 c5 2.Nf3 d6 3.d4 cxd4 4.Nxd4 Nf6 5.Nc3 a6 6.Be3 Nc6 7.f3 e6 8.Qd2 Be7
9.O-O-O O-O 10.g4 Nd7 11.h4 Nxd4 12.Qxd4 Ne5 13.Be2 b5 14.Kb1 Nc6 15.Qd2 Qa5
16.Bd3 b4 17.Ne2 e5 18.Bc4 Be6 19.Bd5 Rab8 20.Ng3 Rfd8 21.g5 Rb5 22.g6 Bxd5
23.exd5 b3 24.cxb3 Nb4 25.a3 Nxd5 26.b4 Qa4 27.gxf7+ Kxf7 28.Qd3 a5 29.Qc4 Rc8
30.Qxc8 Nxe3 31.Rd3 Rc5 32.bxc5 Qc2+ 33.Ka1 Qxd3 34.cxd6 Bxd6 35.Rc1 Be7
36.h5 Bxa3 37.Qc3 Qxc3 38.Rxc3 Bxb2+ 39.Kxb2 Nd1+ 40.Kc2 Nxc3 41.Kxc3 Kf6
42.Ne4+ Kf5 43.Nd6+ Kg5 44.Nc4 a4 45.Kb4 Kxh5 46.Kxa4 Kg5 47.Kb4 h5 48.Kc3 h4
49.Nxe5 h3 50.Ng4 Kf4 51.Kd3 Kxf3 52.Nh2+ Kg2 53.Ng4 Kg3 54.Ne3 Kf3 55.Nf1 g5  0-1

[Event "LXVIII ch-ESP Abierto"]
[Site "Burgos ESP"]
[Date "2003.10.30"]
[Round "7"]
[White "Perez Candelario,Man"]
[Black "Lopez Martinez,J"]
[Result "1-0"]
[WhiteElo "2463"]
[BlackElo "2425"]

1.e4 c5 2.Nf3 d6 3.d4 cxd4 4.Nxd4 Nf6 5.Nc3 a6 6.Be3 e5 7.Nf3 Qc7 8.a4 b6
9.Qd3 Be7 10.Qc4 Qb7 11.Qb3 Bd8 12.Rd1 Be6 13.Bc4 Bxc4 14.Qxc4 Be7 15.Bg5 Nbd7
16.Bxf6 Nxf6 17.Nd2 O-O 18.Qd3 Rfc8 19.Nf1 Nh5 20.Qf3 Nf4 21.Ne3 b5 22.axb5 axb5
23.O-O Ne6 24.Nf5 Bf8 25.Rd2 g6 26.Nxd6 Bxd6 27.Rxd6 Nd4 28.Qf6 Re8 29.Nd5 Ne2+
30.Kh1 Nf4 31.Nxf4 exf4 32.f3 Qc7 33.h4 Qxc2 34.Rfd1 Qf2 35.h5 Qc5 36.R6d5 Qe7
37.Qxf4 gxh5 38.Rg5+ Kh8 39.Rd7 Ra1+ 40.Kh2 Qe6 41.Rxf7  1-0

[Event "WYb14"]
[Site "Halkidiki GRE"]
[Date "2003.10.30"]
[Round "8"]
[White "Bindrich,F"]
[Black "Margolin,E"]
[Result "1/2-1/2"]
[WhiteElo "2309"]
[BlackElo "2226"]

1.e4 c5 2.Nf3 d6 3.d4 cxd4 4.Nxd4 Nf6 5.Nc3 a6 6.Be3 e5 7.Nb3 Be6 8.f3 Be7
9.Qd2 O-O 10.O-O-O Qc7 11.Qf2 Rc8 12.g4 Nbd7 13.Kb1 Qd8 14.Nd5 Bxd5 15.exd5 a5
16.a4 Qe8 17.Bb5 Bd8 18.Qg3 Qe7 19.g5 Ne8 20.f4 Nc7 21.Bf1 Na6 22.Bh3 Rc4
23.Rhe1 Rxa4 24.fxe5 Nxe5 25.Bf4 Bc7 26.Nd4 g6 27.Nb5 Rxf4 28.Qxf4 Rd8 29.Bg4 Qe8
30.Be2 Bb8 31.h4 Nc5 32.h5 Qe7 33.Nd4 Rf8 34.Bb5 Bc7 35.Rh1 Bd8 36.Rdg1 Bb6
37.Rg2 Bd8 38.Rgg1 Bb6 39.Re1 Bd8 40.Nf3 Bc7 41.Nh2 Bd8 42.Rhg1 f6 43.hxg6 hxg6
44.gxf6 Qxf6 45.Qg3 Qh4 46.Qxh4 Bxh4 47.Re2 Rf4 48.Reg2 Bf6 49.Ng4 Nxg4 50.Rxg4 Rxg4
51.Rxg4 g5 52.c3 Kg7 53.b4 axb4 54.cxb4 Nb3 55.Bd7 Nd4 56.Kc1 Kf7 57.Rg2 Be5
58.Kd2 Bf4+ 59.Kd3 Nf3 60.Be6+ Ke7 61.Ke4 Nd2+ 62.Kd3 Nf3 63.Ra2 Kd8 64.Ke4 Nd2+
65.Kd3 Nf3 66.Kc4 Kc7 67.Kb5 Nd4+ 68.Kc4 Nf3 69.Kb5 Nd4+  1/2-1/2

[Event "WYb18"]
[Site "Halkidiki GRE"]
[Date "2003.10.30"]
[Round "8"]
[White "Saptarshi,R"]
[Black "Smeets,J"]
[Result "0-1"]
[WhiteElo "2333"]
[BlackElo "2511"]

1.e4 c5 2.Nf3 d6 3.d4 cxd4 4.Nxd4 Nf6 5.Nc3 a6 6.Be3 e6 7.f3 b5 8.g4 h6 9.Qd2 Bb7
10.h4 Nbd7 11.Bh3 Ne5 12.g5 Nh5 13.O-O-O Nc4 14.Qf2 g6 15.Bxe6 fxe6 16.Nxe6 Qe7
17.Nd5 Bxd5 18.exd5 Nxe3 19.Qxe3 Kf7 20.Rde1 Ng3 21.Qc3 Kg8 22.Rhg1 Nf5 23.Nc7 Qd8
24.Re8 Qxe8 25.Nxe8 Rxe8 26.Qf6 Nxh4 27.Rh1 Be7 28.Qe6+ Kf8 29.Kb1 hxg5 30.b3 Rh7
31.Re1 Rf7 32.c4 bxc4 33.bxc4 Nxf3 34.Rh1 Nh4 35.Re1 Nf3 36.Rh1 Nh4 37.Re1 Kg7
38.c5 dxc5 39.Qe5+ Rf6 40.Qc7 Nf5 41.Rg1 Rd8 42.Qb7 Rdd6 43.Kc1 Rf7 44.Rh1 Rd8
45.Qxa6 g4 46.a4 g3 47.Qe2 Rxd5 48.a5 Bg5+ 49.Kb1 Rb7+  0-1

[Event "WYb18"]
[Site "Halkidiki GRE"]
[Date "2003.10.30"]
[Round "8"]
[White "Zhigalko,A"]
[Black "Popovics,A"]
[Result "1-0"]
[WhiteElo "2478"]
[BlackElo "2431"]

1.e4 c5 2.Nf3 d6 3.d4 cxd4 4.Nxd4 Nf6 5.Nc3 a6 6.Be3 e5 7.Nb3 Be6 8.f3 Nbd7
9.g4 b5 10.g5 b4 11.Ne2 Nh5 12.Qd2 h6 13.gxh6 g6 14.O-O-O a5 15.Kb1 Nhf6
16.Ng3 a4 17.Nc1 d5 18.Bg5 Qb8 19.f4 dxe4 20.Bg2 b3 21.Nxe4 bxa2+ 22.Nxa2 Nxe4
23.Bxe4 Ra6 24.Ka1 f5 25.Bd5 Rd6 26.Qa5 Bxd5 27.Rxd5 Qb7 28.Rhd1 Rxd5 29.Rxd5 Be7
30.Bxe7 Kxe7 31.Rxe5+ Kf7 32.Re1 Rxh6 33.Qxa4 Rxh2 34.Qc4+ Kf8 35.Nb4 Nf6
36.Rd1 Kg7 37.Nc6 Qc7 38.Rg1 Rh4 39.Qc5 Qb7 40.Nd4 Kf7 41.Nc6 Kg7 42.Ne5 Rh1
43.Rxh1 Qxh1+ 44.Ka2 Qa8+ 45.Qa3 Qd5+ 46.c4 Qe6 47.Qd3 Nh5 48.Qd4 Kh7 49.b3 Ng3
50.Kb2 Kh6 51.c5 Qa6 52.Qc4 Qa5 53.b4 Qa8 54.c6 Ne4 55.Qf7  1-0

[Event "LXVIII ch-ESP Abierto"]
[Site "Burgos ESP"]
[Date "2003.10.31"]
[Round "8"]
[White "Fluvia Poyatos,J"]
[Black "Alcaraz Soriano,A"]
[Result "1/2-1/2"]
[WhiteElo "2454"]
[BlackElo "1989"]

1.e4 c5 2.Nf3 d6 3.d4 cxd4 4.Nxd4 Nf6 5.Nc3 a6 6.Be3 e5 7.Nb3 Be6 8.f3 Nbd7
9.g4 b5 10.g5 b4 11.Ne2 Nh5 12.Qd2 a5 13.Ng3 Nxg3 14.hxg3 Be7 15.f4 Qc7 16.f5 Bc4
17.Bxc4 Qxc4 18.Qd5 Qxd5 19.exd5 a4 20.Nd2 Ra5 21.a3 b3 22.c4 Nc5 23.Bxc5 Rxc5
24.f6 gxf6 25.gxf6 Bxf6 26.Ne4 Ke7 27.Nxc5 dxc5 28.Rd1 e4 29.d6+ Kd7 30.Rf1 Bxb2
31.Rxf7+ Kc6 32.Rc7+ Kb6 33.Re7 Rd8 34.Ke2 Bxa3 35.Ra1 b2 36.Rb1 Rxd6 37.Rxh7 Rd3
38.g4 Rg3 39.Rh8 Rg2+ 40.Ke3 Bb4 41.Rf1 Bc3 42.Rb8+ Kc7 43.Rff8 Bd4+ 44.Kxe4 Rg1
45.Rbc8+ Kb6 46.Rb8+ Kc7  1/2-1/2

[Event "WYb18"]
[Site "Halkidiki GRE"]
[Date "2003.10.31"]
[Round "9"]
[White "Smeets,J"]
[Black "Shytaj,L"]
[Result "1/2-1/2"]
[WhiteElo "2511"]
[BlackElo "2343"]

1.e4 c5 2.Nf3 d6 3.d4 cxd4 4.Nxd4 Nf6 5.Nc3 a6 6.Be3 Ng4 7.Bg5 h6 8.Bh4 g5
9.Bg3 Bg7 10.h3 Ne5 11.f3 Nbc6 12.Bf2 Be6 13.Qd2 Nxd4 14.Bxd4 Rg8 15.h4 Qa5
16.hxg5 hxg5 17.Rh7 Bf6 18.a3 Rc8 19.O-O-O Rh8 20.Rxh8+ Bxh8 21.Kb1 Nc4 22.Bxc4 Bxd4
23.Bb5+ axb5 24.Qxd4 Rc4 25.Qd2 f6 26.Ne2 Qxd2 27.Rxd2 Kf7 28.b3 Rc5 29.Kb2 f5
30.exf5 Bxf5 31.Nc3 Bd7 32.Rd5 Bc6 33.Rxc5 dxc5 34.Kc1 Kf6 35.Kd2 Kf5 36.Ke3 g4
37.Ne2 gxf3 38.gxf3 e5 39.Ng3+ Ke6 40.Ne4 b6 41.Nc3 Kf5 42.Ne2 Ke6 43.Ng3 Bd5
44.Ne4 Bc6 45.Nd2 Bd5 46.Nf1 Bc6 47.Kf2 Kf5 48.Kg3 Kg5 49.Ne3 Kf6 50.f4 exf4+
51.Kxf4 Ke6 52.Nd1 Kd5 53.Ke3 Ke5 54.Nf2 Bd7 55.Nd3+ Kd5 56.Nf4+  1/2-1/2

[Event "WYb16"]
[Site "Halkidiki GRE"]
[Date "2003.11.01"]
[Round "10"]
[White "Lanin,A"]
[Black "Baramidze,D"]
[Result "0-1"]
[WhiteElo "2306"]
[BlackElo "2463"]

1.e4 c5 2.Nf3 d6 3.d4 cxd4 4.Nxd4 Nf6 5.Nc3 a6 6.Be3 e5 7.Nb3 Be6 8.f3 Be7
9.Qd2 Nbd7 10.g4 h6 11.O-O-O Qc7 12.Kb1 b5 13.Qf2 Rb8 14.h4 Nb6 15.Rg1 Nc4
16.g5 Nxe3 17.Qxe3 Nh5 18.Nd5 Bxd5 19.exd5 Nf4 20.gxh6 g6 21.h5 Nxh5 22.c4 Nf4
23.cxb5 axb5 24.Nd4 Qc5 25.Qe4 Rxh6 26.Nc6 Rc8 27.Rc1 Qxg1 28.Bxb5 Qg5 29.Nxe5+ Kf8
30.Rxc8+ Kg7 31.Ng4 Rh1+ 32.Rc1 Rxc1+ 33.Kxc1 f5 34.Qd4+ Kf7 35.Ne3 Qg1+
36.Kc2 Qf2+ 37.Kb3 Qxf3 38.Ka4 Bf6 39.Qa7+ Kg8 40.b4 Qe4 41.Qb8+ Kh7 42.Qxd6 Be7
43.Bd3 Nxd3 44.Qb6 Nxb4 45.Ka5 Nxd5 46.Nxd5 Qxd5+ 47.Qb5 Bd8+ 48.Kb4 Qxb5+
49.Kxb5 Kg7  0-1

[Event "WYb18"]
[Site "Halkidiki GRE"]
[Date "2003.11.02"]
[Round "11"]
[White "Sakelsek,T"]
[Black "Shanava,K"]
[Result "0-1"]
[WhiteElo "2339"]
[BlackElo "2423"]

1.e4 c5 2.Nf3 d6 3.d4 cxd4 4.Nxd4 Nf6 5.Nc3 a6 6.Be3 e5 7.Nb3 Be6 8.f3 Nbd7
9.g4 b5 10.g5 b4 11.Ne2 Nh5 12.Qd2 g6 13.Ng3 Nf4 14.h4 h6 15.gxh6 Bxh6 16.O-O-O a5
17.Kb1 a4 18.Nc1 a3 19.b3 d5 20.Nd3 Qf6 21.h5 Bg7 22.hxg6 fxg6 23.Rxh8+ Bxh8
24.Nxb4 d4 25.Bf2 Rc8 26.Ne2 Nh5 27.Bg2 Nc5 28.Nd3 Nxd3 29.Qxd3 Bg7 30.Be1 Bf8
31.c3 Bc4 32.Qd2 Bh6 33.f4 Nxf4 34.Nxf4 Bxf4 35.Qc2 Qa6 36.bxc4 Rb8+ 37.Ka1 Rb2
38.Qd3 Qb7 39.Qb1 d3 40.Bf3 Qb6 41.c5 Rxb1+ 42.Rxb1 Qxc5  0-1

[Event "ch-UKR"]
[Site "Simferopol UKR"]
[Date "2003.11.04"]
[Round "1"]
[White "Ljahovetsky,I"]
[Black "Averjanov,A"]
[Result "0-1"]
[WhiteElo "2098"]
[BlackElo "2398"]

1.e4 c5 2.Nf3 d6 3.d4 cxd4 4.Nxd4 Nf6 5.Nc3 a6 6.Be3 e5 7.Nb3 Be6 8.Bg5 Nbd7
9.Be2 Be7 10.O-O O-O 11.Be3 Rc8 12.a4 Nb6 13.Bxb6 Qxb6 14.Nd5 Bxd5 15.exd5 Nd7
16.a5 Qd8 17.c3 Nc5 18.Nd2 f5 19.b4 Nd7 20.c4 Bf6 21.Ra2 e4 22.Nb3 f4 23.Nd4 Bxd4
24.Qxd4 f3 25.Bd1 Qg5 26.g3 Qg4 27.Kh1 Qh3 28.Bxf3 Qxf1+  0-1

[Event "FSIM November"]
[Site "Budapest HUN"]
[Date "2003.11.06"]
[Round "6"]
[White "Guid,M"]
[Black "Szabo,K"]
[Result "0-1"]
[WhiteElo "2222"]
[BlackElo "2264"]

1.e4 c5 2.Nf3 d6 3.d4 cxd4 4.Nxd4 Nf6 5.Nc3 a6 6.Be3 e6 7.f3 b5 8.Qd2 Nbd7
9.g4 Nb6 10.Qf2 Nfd7 11.a4 bxa4 12.Nxa4 Nxa4 13.Rxa4 Bb7 14.Nb3 Be7 15.Bd3 Bh4
16.Na5 Bxf2+ 17.Bxf2 Qc7 18.O-O Nc5 19.Rc4 Qxa5 20.b4 Qd8 21.bxc5 Rc8 22.Rb1 Ba8
23.Ra4 dxc5 24.Bxa6 Bc6 25.Ra3 Ra8 26.Bxc5 f6 27.Rd3 Qa5 28.Rb6  0-1

[Event "15th Open"]
[Site "Leuven BEL"]
[Date "2003.11.08"]
[Round "2"]
[White "Goloshchapov,A"]
[Black "Stinis,S"]
[Result "1-0"]
[WhiteElo "2574"]
[BlackElo "2089"]

1.e4 c5 2.Nf3 d6 3.d4 cxd4 4.Nxd4 Nf6 5.Nc3 a6 6.Be3 e5 7.Nb3 Be6 8.f3 Nbd7
9.g4 b5 10.g5 b4 11.Nd5 Nxd5 12.exd5 Bf5 13.Bd3 Bxd3 14.Qxd3 Be7 15.h4 h6
16.gxh6 Bxh4+ 17.Ke2 g5 18.h7 Nf8 19.a3 bxa3 20.Rxa3 Qc8 21.Na5 f5 22.Nc4 Qc7
23.Nb6 Rb8 24.Qxf5 Rxb6 25.Rc3 Qd7 26.Qxd7+ Kxd7 27.Bxb6 Rxh7 28.Rc7+ Ke8
29.Rxh7 Nxh7 30.Bf2 Nf6 31.Bxh4 gxh4 32.c4  1-0

[Event "ch-UKR w"]
[Site "Nikolaev UKR"]
[Date "2003.11.09"]
[Round "6"]
[White "Dolzhikova,K"]
[Black "Breslavska,G"]
[Result "1/2-1/2"]
[WhiteElo "2134"]
[BlackElo "2137"]

1.e4 c5 2.Nf3 d6 3.d4 cxd4 4.Nxd4 Nf6 5.Nc3 a6 6.Be3 e6 7.f3 b5 8.Qd2 Nbd7
9.O-O-O Bb7 10.g4 Nb6 11.Qf2 Nfd7 12.Bd3 Rc8 13.Nce2 Qc7 14.f4 Nc5 15.Ng3 Nba4
16.Nb3 d5 17.Nxc5 Bxc5 18.Bxc5 Nxc5 19.e5 O-O 20.Nh5 d4 21.Rhe1 Bd5 22.Kb1 Qa5
23.a3 b4 24.Nf6+ Kh8 25.Nxd5 bxa3 26.b3 a2+ 27.Ka1 exd5 28.Qxd4 Nxd3 29.Qxd3 Rc3
30.Qxd5 Qxd5 31.Rxd5 Rxc2 32.h3 Rh2 33.Rd3 Rc8 34.Red1 g6 35.R1d2 Rxd2 36.Rxd2 Rc3
37.Kxa2 Rxh3 38.Rd7 Kg8 39.g5 Rf3 40.Rd4 Kg7 41.Ka3 h6 42.gxh6+ Kxh6 43.Ka4 Kh5
44.b4 g5 45.fxg5 Kxg5 46.Rd6 Rf5 47.Rxa6 Rxe5 48.Ra5 Kf4 49.Rxe5 Kxe5 50.Ka5 Kd6
51.Ka6 Kc7 52.Ka7 Kc6 53.Ka6 Kc7  1/2-1/2

[Event "ch-IND A Women"]
[Site "Calicut IND"]
[Date "2003.11.10"]
[Round "2"]
[White "Ramaswamy,A"]
[Black "Meera,S"]
[Result "1/2-1/2"]
[WhiteElo "2322"]
[BlackElo "2160"]

1.e4 c5 2.Nf3 d6 3.d4 cxd4 4.Nxd4 Nf6 5.Nc3 a6 6.Be3 e5 7.Nb3 Be6 8.f3 Be7
9.Qd2 O-O 10.O-O-O Qc7 11.g4 Rc8 12.g5 Nh5 13.Nd5 Bxd5 14.exd5 Nd7 15.Bh3 a5
16.Bxd7 Qxd7 17.Qd3 Qa4 18.Kb1 Nf4 19.Bxf4 Qxf4 20.h4  1/2-1/2

[Event "ch-UKR"]
[Site "Simferopol UKR"]
[Date "2003.11.10"]
[Round "7"]
[White "Seletsky,G"]
[Black "Pasko,A"]
[Result "1-0"]
[WhiteElo "2240"]
[BlackElo "2303"]

1.e4 c5 2.Nf3 d6 3.d4 cxd4 4.Nxd4 Nf6 5.Nc3 a6 6.Be3 e5 7.Nb3 Be6 8.Be2 Nbd7
9.O-O Be7 10.f4 Qc7 11.Kh1 O-O 12.f5 Bc4 13.g4 d5 14.exd5 Bb4 15.g5 Bxc3
16.gxf6 Bxb2 17.fxg7 Rfe8 18.Rb1 Ba3 19.d6 Bxd6 20.Bxc4 Qxc4 21.Na5 Qe4+
22.Qf3 Qxf3+ 23.Rxf3 e4 24.Rff1 Nf6 25.Nc4 Rad8 26.Rxb7 Nd5 27.f6 Re6 28.Bd4 Rc8
29.Nxd6 Rxd6 30.c4 Nb4 31.Be5 Rdc6 32.Rxb4 Rxc4 33.Bd6 R4c6 34.Rb8 Rxb8 35.Bxb8 e3
36.Rd1 Rc8 37.Bg3 Re8 38.Be1 h5 39.Kg2 Kh7 40.Kf3 Kg6 41.Bh4  1-0

[Event "Friendship GM"]
[Site "Cartak CZE"]
[Date "2003.11.13"]
[Round "3"]
[White "Laznicka,V"]
[Black "Dydyshko,V"]
[Result "1-0"]
[WhiteElo "2437"]
[BlackElo "2556"]

1.e4 c5 2.Nf3 d6 3.d4 cxd4 4.Nxd4 Nf6 5.Nc3 a6 6.Be3 e6 7.f3 Be7 8.Qd2 Nc6
9.O-O-O O-O 10.g4 Nxd4 11.Bxd4 b5 12.g5 Nd7 13.h4 Qc7 14.Kb1 b4 15.Na4 Rb8
16.b3 Bb7 17.h5 d5 18.g6 Bf6 19.Bh3 dxe4 20.gxf7+ Kxf7 21.fxe4 Rfd8 22.h6 Rbc8
23.Qe2 Ne5 24.Rhf1 Rxd4 25.Rxd4 Nc6 26.Qh5+ g6 27.Qg5 Nxd4 28.Qxf6+ Kg8 29.Qxd4  1-0

[Event "TCh-FIN 2003-4"]
[Site "Finland FIN"]
[Date "2003.11.16"]
[Round "5"]
[White "Kokkila,T"]
[Black "Hartikainen,M"]
[Result "1-0"]
[WhiteElo "2305"]
[BlackElo "2300"]

1.e4 c5 2.Nf3 d6 3.d4 cxd4 4.Nxd4 Nf6 5.Nc3 a6 6.Be3 e5 7.Nb3 Be6 8.f3 Be7
9.Qd2 O-O 10.O-O-O Nbd7 11.g4 b5 12.g5 Nh5 13.Rg1 Nb6 14.Nd5 Bxd5 15.exd5 Qc7
16.Qb4 Rfc8 17.c3 g6 18.Na5 Bf8 19.Bh3 Rcb8 20.Rg4 Bg7 21.Rh4 Re8 22.Kb1 Rab8
23.Bc1 Nf4 24.Bxf4 exf4 25.Rxf4 Re2 26.Nc6 Nxd5 27.Rxd5 Qxc6 28.Rxd6 Qa8
29.Rd7 Rf8 30.Qb3 Qe8 31.a3 Re7 32.Qd5 Rxd7 33.Bxd7 Qd8 34.Bc6 Qc7 35.Re4 Qxh2
36.Re7 Qf4 37.Ka2 h5 38.gxh6 Bxh6 39.Ra7 Qf6 40.Rxa6 Kg7 41.Bxb5 Qe7 42.Rd6 Bf4
43.Rd7 Qf6 44.Bc4  1-0